Online
Catalog

El cuidado en acción : (Record no. 36158)

MARC details
000 -CABECERA
campo de control de longitud fija 02375nam a2200229 a 4500
001 - NÚMERO DE CONTROL
campo de control 000036667
005 - FECHA Y HORA DE LA ÚLTIMA TRANSACCIÓN
campo de control 20200930075849.0
008 - DATOS DE LONGITUD FIJA--INFORMACIÓN GENERAL
campo de control de longitud fija 120124s2010 cl ad 000 0 spa d
020 ## - NÚMERO INTERNACIONAL ESTÁNDAR DEL LIBRO
Número Internacional Estándar del Libro 9789213234228
040 ## - FUENTE DE LA CATALOGACIÓN
Centro catalogador/agencia de origen DO-SdBNP
Lengua de catalogación spa
Centro/agencia transcriptor BNPHU
082 ## - NÚMERO DE LA CLASIFICACIÓN DECIMAL DEWEY
Número de clasificación xxx
Número de documento/Ítem C966c
245 00 - MENCIÓN DE TÍTULO
Título El cuidado en acción :
Resto del título entre el derecho y el trabajo /
Mención de responsabilidad, etc. coordinadoras Sonia Montaño Virreira, Coral Calderón Magaña ; prólogo Alicia Bárcena.
260 ## - PUBLICACIÓN, DISTRIBUCIÓN, ETC.
Lugar de publicación, distribución, etc. Santiago de Chile, :
Nombre del editor, distribuidor, etc. Naciones Unidas, CEPAL
-- Agencia Española de Cooperación
-- Fondo de Desarrollo de las Naciones Unidas,
Fecha de publicación, distribución, etc. 2010.
300 ## - DESCRIPCIÓN FÍSICA
Extensión 230p. :
Otras características físicas il., diagrs. ;
Dimensiones 24 cm.
490 1# - MENCIÓN DE SERIE
Mención de serie Cuadernos de la CEPAL
Designación de volumen o secuencia 94
520 ## - SUMARIO, ETC.
Sumario, etc. "En este libro se exploran distintas aristas acerca del cuidado en la región, en el marco de los acuerdos del Consenso de Quito aprobado por los gobiernos en la décima Conferencia Regional sobre la Mujer de América Latina y el Caribe. La inserción masiva y acelerada de la mujer en el mercado de trabajo, ha chocado con varios obstáculos: la debilidad de las políticas públicas para promover las responsabilidades compartidas, la insuficiencia de servicios de cuidado, la dificultad de los hombres para compartir las tareas del hogar, la persistencia de prejuicios en las empresas, la sociedad y los medios. Gracias a los cambios educativos, demográficos y culturales las mujeres han salido de los hogares para buscar ingresos, aunque las políticas públicas han tardado en responder. El ingreso disponible en los hogares es cada vez más escaso y esta nueva realidad social ha hecho que "el cuidado" en la sociedad se convierta en tema clave para lograr la igualdad entre hombres y mujeres. La llamada crisis del cuidado--sostiene Sonia Montaño--no es otra cosa que un síntoma de emancipación de las mujeres y cuestiona el supuesto de su disponibilidad constante. Ni el tiempo es elástico, ni las mujeres pueden seguir dotando a la sociedad de los cuidados que necesita. ¿Qué hacer entonces con las niñas y niños, con los adultos mayores que requieren compañía, con los enfermos crónicos, las personas con discapacidad?".
504 ## - NOTA DE BIBLIOGRAFÍA, ETC.
Nota de bibliografía, etc. Incluye referencias bibliográficas y notas a pie página.
700 1# - PUNTO DE ACCESO ADICIONAL--NOMBRE DE PERSONA
Nombre de persona Montaño, Sonia
9 (RLIN) 62946
700 1# - PUNTO DE ACCESO ADICIONAL--NOMBRE DE PERSONA
Nombre de persona Calderón Magaña, Coral,
9 (RLIN) 62947
700 1# - PUNTO DE ACCESO ADICIONAL--NOMBRE DE PERSONA
Nombre de persona Bárcena, Alicia,
Término indicativo de función/relación pról.
9 (RLIN) 53433
830 #0 - PUNTO DE ACCESO ADICIONAL DE SERIE-TÍTULO UNIFORME
Título uniforme Cuadernos de la CEPAL
Designación de volumen o secuencia 94
9 (RLIN) 3079
Holdings
Estado de retiro Estado de pérdida Restricciones de uso No para préstamo Código de colección Localización permanente Ubicación/localización actual Ubicación en estantería Fecha de adquisición Número de inventario Total de préstamos Signatura topográfica completa Código de barras Fecha visto por última vez Precio válido a partir de Tipo de ítem Koha
      Excluido de préstamo Monografías: Libros y Folletos General General En catalogación 24.01.2012 LF1   xxx C966c 36667-10 25.06.2020 25.06.2020 No se presta

Powered by Koha